Pollution and Biomonitoring

Salvato in:
Dettagli Bibliografici
Natura: Sách giấy
Lingua:English
Pubblicazione: Tiền Giang : Sở Văn hoá và Thông tin , 1995
Tags: Aggiungi Tag
Nessun Tag, puoi essere il primo ad aggiungerne! !
Thư viện lưu trữ: Thư viện Trường Đại học Đà Lạt
LEADER 00529nam a2200229 4500
001 DLU020010103
005 ##11/12/1999
041 # # |a eng 
082 # # |a 363.7  |b Pol 
090 # # |a 363.7  |b Pol 
245 # # |a Pollution and Biomonitoring  
260 # # |a Tiền Giang :  |b Sở Văn hoá và Thông tin ,  |c 1995 
300 # # |a X, 452 tr.;   |c 25 cm. 
992 # # |a 273273 
994 # # |a DLU 
900 # # |a False 
911 # # |a Administrator 
925 # # |a G 
926 # # |a A 
927 # # |a SH 
980 # # |a Thư viện Trường Đại học Đà Lạt